[Event "7th Uppsala Young Champions"]
[Site "Uppsala"]
[Date "2020.10.26"]
[Round "5.11"]
[White "Nilsson, Joakim"]
[Black "Frank, Adam"]
[Result "0-1"]
[WhiteElo "2224"]
[BlackElo "2129"]
[Annotator "RC"]
[PlyCount "178"]
[EventDate "2020.10.23"]
[EventType "swiss"]
[EventCountry "SWE"]
[SourceTitle "playchess.com"]
[Source "ChessBase"]
[SourceQuality "1"]
[TimeControl "5400+30"]

1. d4 {[%emt 0:00:00]} Nf6 {[%emt 0:00:00]} 2. c4 {[%emt 0:00:00]} g6 {[%emt 0:00:00]} 3. Nc3 {[%emt 0:00:00]} Bg7 {[%emt 0:00:00]} 4. e4 {[%emt 0:00:00]} d6 {[%emt 0:00:00]} 5. Bd3 {[%emt 0:00:01]} O-O {[%emt 0:00:00]} 6. Nge2 {[%emt 0:00:05]} Nc6 {[%emt 0:00:00]} 7. O-O {[%emt 0:00:10]} Nd7 {[%emt 0:00:18]} 8. Be3 {[%emt 0:01:32]} e5 {[%emt 0:00:06]} 9. d5 {[%emt 0:00:07]} Nd4 {[%emt 0:00:03]} 10. f4 {[%emt 0:10:07]} Nxe2+ {[%emt 0:02:11]} 11. Bxe2 {[%emt 0:02:57]} exf4 {[%emt 0:00:12]} 12. Bxf4 {[%emt 0:00:04]} h6 {[%emt 0:19:12]} 13. Qd2 {[%emt 0:02:40]} Kh7 {[%emt 0:00:05]} 14. Rae1 {[%emt 0:00:53]} Ne5 {[%emt 0:02:09]} 15. Kh1 {[%emt 0:07:12]} Qe7 {[%emt 0:06:41]} 16. b3 {[%emt 0:02:01]} Bd7 {[%emt 0:00:25]} 17. Nb5 {[%emt 0:04:33]} a6 {[%emt 0:06:06]} 18. Nd4 {[%emt 0:01:38]} c5 {[%emt 0:19:51]} 19. Nf3 {[%emt 0:01:30]} b5 {[%emt 0:01:06]} 20. Nxe5 {[%emt 0:02:21]} Bxe5 {[%emt 0:00:08]} 21. Bxe5 {[%emt 0:01:22]} Qxe5 {[%emt 0:00:10]} 22. Rf4 {[%emt 0:02:26]} Rae8 {[%emt 0:03:12]} 23. Ref1 {[%emt 0:04:42]} Kg7 {[%emt 0:01:37]} 24. Bd3 {[%emt 0:09:08]} b4 {[%emt 0:02:33]} 25. Qf2 {[%emt 0:01:39]} Re7 {[%emt 0:00:12]} 26. h3 {[%emt 0:06:54]} a5 {[%emt 0:00:44]} 27. Bc2 {[%emt 0:00:59]} f6 {[%emt 0:01:50]} 28. Rf3 {[%emt 0:03:36]} Ref7 {[%emt 0:00:11]} 29. Re3 {[%emt 0:02:13]} Ra8 {[%emt 0:00:55]} 30. a4 {[%emt 0:03:51]} bxa3 {[%emt 0:00:19]} 31. Qe1 {[%emt 0:00:12]} Qd4 {[%emt 0:20:39]} 32. Rd3 {[%emt 0:01:11]} Qb2 {[%emt 0:00:03]} 33. Qc3 {[%emt 0:06:32]} a4 {[%emt 0:00:47]} 34. Rb1 {[%emt 0:03:05]} Qxc3 {[%emt 0:01:52]} 35. Rxc3 {[%emt 0:00:03]} axb3 {[%emt 0:00:16]} 36. Bxb3 {[%emt 0:01:24]} Be8 {[%emt 0:01:51]} 37. Ba2 {[%emt 0:01:53]} Re7 {[%emt 0:01:49]} 38. Rbb3 {[%emt 0:01:56]} Rxe4 {[%emt 0:02:57]} 39. Rxa3 {[%emt 0:00:04]} Rxa3 {[%emt 0:01:04]} 40. Rxa3 {[%emt 0:00:03]} Re1+ {[%emt 0:00:38]} 41. Kh2 {[%emt 0:00:34]} Ra1 {[%emt 0:00:09]} 42. Re3 {[%emt 0:01:02]} Kf7 {[%emt 0:00:59]} 43. Re2 {[%emt 0:00:19]} Bd7 {[%emt 0:00:11]} 44. Rb2 {[%emt 0:00:52]} f5 {[%emt 0:00:35]} 45. Rb7 {[%emt 0:01:11]} Ke8 {[%emt 0:00:19]} 46. Bb1 {[%emt 0:00:29]} Ra4 {[%emt 0:01:30]} 47. Bd3 {[%emt 0:00:30]} Rb4 {[%emt 0:00:02]} 48. Ra7 {[%emt 0:00:16]} Rb3 {[%emt 0:00:48]} 49. Be2 {[%emt 0:00:51]} Rb2 {[%emt 0:00:04]} 50. Bf1 {[%emt 0:00:48]} f4 {[%emt 0:00:56]} 51. Ra3 {[%emt 0:01:27]} Bf5 {[%emt 0:00:39]} 52. Kg1 {[%emt 0:02:34]} Ke7 {[%emt 0:01:25]} 53. Ra8 {[%emt 0:03:15]} Kf6 {[%emt 0:02:13]} 54. Re8 {[%emt 0:00:27]} Ra2 {[%emt 0:01:19]} 55. Rh8 {[%emt 0:01:58]} h5 {[%emt 0:00:37]} 56. Re8 {[%emt 0:00:56]} Ra7 {[%emt 0:02:04]} 57. h4 {[%emt 0:00:33]} Re7 {[%emt 0:00:14]} 58. Rd8 {[%emt 0:00:15]} Ke5 {[%emt 0:00:03]} 59. Kf2 {[%emt 0:00:15]} Rd7 {[%emt 0:00:19]} 60. Re8+ {[%emt 0:00:16]} Kd4 {[%emt 0:00:08]} 61. Rf8 {[%emt 0:01:06]} Ra7 {[%emt 0:00:56]} 62. Rd8 {[%emt 0:00:46]} Ra2+ {[%emt 0:00:16]} 63. Kg1 {[%emt 0:00:26]} Ra1 {[%emt 0:01:06]} 64. Kf2 {[%emt 0:00:02]} Ra2+ {[%emt 0:00:01]} 65. Kg1 {[%emt 0:00:01]} Ra6 {[%emt 0:01:04]} 66. Rf8 {[%emt 0:00:11]} Ke3 {[%emt 0:00:13]} 67. Rb8 {[%emt 0:00:33]} Ra1 {[%emt 0:00:42]} 68. Rb3+ {[%emt 0:00:11]} Kd4 {[%emt 0:00:02]} 69. Kf2 {[%emt 0:00:34]} Ra2+ {[%emt 0:00:34]} 70. Kg1 {[%emt 0:00:02]} Rd2 {[%emt 0:00:16]} 71. Rf3 {[%emt 0:00:43]} Ke4 {[%emt 0:00:15]} 72. Rb3 {[%emt 0:00:17]} Kd4 {[%emt 0:00:03]} 73. Rf3 {[%emt 0:00:08]} Ke5 {[%emt 0:00:02]} 74. Rb3 {[%emt 0:00:17]} Be4 {[%emt 0:00:15]} 75. Ra3 {[%emt 0:02:25]} Bf5 {[%emt 0:00:39]} 76. Rb3 {[%emt 0:00:31]} Be4 {[%emt 0:01:44]} 77. Ra3 {[%emt 0:00:02]} Kd4 {[%emt 0:00:03]} 78. Ra6 {[%emt 0:01:21]} Bd3 {[%emt 0:00:32]} 79. Bxd3 {[%emt 0:00:08]} Kxd3 {[%emt 0:00:03]} 80. Rxd6 {[%emt 0:00:32]} Kxc4 {[%emt 0:00:03]} 81. Rxg6 {[%emt 0:01:05]} Rxd5 {[%emt 0:00:04]} 82. Kf2 {[%emt 0:00:37]} Kd3 {[%emt 0:00:14]} 83. Rg5 {[%emt 0:01:13]} Ke4 {[%emt 0:00:17]} 84. Rg8 {[%emt 0:00:12]} c4 {[%emt 0:00:45]} 85. Rc8 {[%emt 0:00:16]} Kd3 {[%emt 0:00:11]} 86. Kf3 {[%emt 0:00:39]} Rd4 {[%emt 0:00:16]} 87. g4 {[%emt 0:02:12]} fxg3 {[%emt 0:00:13]} 88. Kxg3 {[%emt 0:00:02]} c3 {[%emt 0:00:04]} 89. Kf3 {[%emt 0:00:36]} c2 {[%emt 0:06:51]} 0-1

[Event "7th Uppsala Young Champions"]
[Site "Uppsala"]
[Date "2020.10.26"]
[Round "5.12"]
[White "Seo, Jung Hyun"]
[Black "Brozka, Karel"]
[Result "1-0"]
[WhiteElo "1936"]
[BlackElo "2216"]
[Annotator "TA"]
[PlyCount "97"]
[EventDate "2020.10.23"]
[EventType "swiss"]
[EventCountry "SWE"]
[SourceTitle "playchess.com"]
[Source "ChessBase"]
[SourceQuality "1"]

{[%evp 10,97,39,2,55,-35,22,7,47,47,72,79,91,51,27,0,0,0,0,0,0,0,0,0,19,0,0,0,26,0,39,0,4,0,14,0,0,0,0,-41,-41,-68,-16,-100,-92,-85,-65,-68,-68,-68,-65,-113,-21,-28,-31,-19,28,0,0,0,0,0,0,0,3552,3357,3442,2930,29974,29975,29978,29979,29984,29985,29984,29984,29984,29985,29985,29985,29985,29986,29984,29985,29985,29984,29987,29988,29988,29989]} 1. e4 c6 2. d4 d5 3. e5 c5 4. dxc5 Nc6 5. Nf3 Bg4 6. Bb5 e6 {B12: Caro-Kann: Advance Variation.} (6... Qa5+ $1 $11 7. Nc3 e6) 7. Be3 ({Better is} 7. b4 $1 $14) 7... Nge7 (7... Qa5+ $15 8. Nc3 Nge7) 8. c3 Bxf3 {The position is equal.} (8... Qa5 $5 {[%cal Ra5b5]} 9. Ba4 Bxf3 10. gxf3 Nf5 $11) 9. Qxf3 Ng6 10. Bd4 Qg5 {[#]} 11. Nd2 $146 ({Predecessor:} 11. O-O Ngxe5 12. Qe2 Ng6 13. Bxc6+ bxc6 14. Qa6 Ne7 15. f4 Qf5 16. Qb7 Rd8 17. Qxa7 {0-1 (49) Grosse,M (1990)-Bielmeier,L (2116) Leipzig 2015}) 11... Ngxe5 12. Qg3 (12. Qh3 {feels hotter.} a6 13. Ba4 Be7 14. O-O Qxd2 15. Bxe5 O-O 16. Bxc6 bxc6 17. Qg3) 12... Qxg3 13. hxg3 {[#] Strongly threatening Bxe5.} a6 14. Bxc6+ Nxc6 15. f4 f6 16. Nf3 Be7 17. O-O-O Kf7 18. b4 Rac8 19. Kb2 h6 20. a3 Rhe8 21. Rd2 Bd8 22. Bf2 Bc7 23. c4 dxc4 24. Rd7+ Re7 25. Rhd1 e5 (25... g5 $15 26. Rxe7+ Nxe7) 26. f5 (26. Rxe7+ $11 {remains equal.} Kxe7 27. f5) 26... e4 $17 27. Nh4 {Ng6 would now be nice for White.} Ne5 28. Rxe7+ Kxe7 29. Kc3 Kf7 30. Rd5 Re8 {[#]} ({Black should try} 30... g5 $17 31. Ng6 Nxg6 32. fxg6+ Ke6 33. Kxc4 Be5) 31. Ng6 $1 $11 {[%mdl 512]} Nxg6 32. Rd7+ {[%mdl 64] Double Attack} Re7 33. fxg6+ Ke6 34. Rxe7+ Kxe7 35. Kxc4 {[%mdl 4096] Endgame KB-KB} Ke6 36. g4 Ke5 $2 {[%mdl 8192]} (36... f5 $11) 37. Bg3+ $18 Ke6 38. Bxc7 {KB-KP} f5 39. gxf5+ {White mates.} Kxf5 40. Kd4 h5 41. a4 Kxg6 42. Kxe4 Kf6 43. b5 axb5 44. axb5 {KB-K3P} Ke6 45. c6 bxc6 46. bxc6 {[%cal Bb5c6,Bc6c7][%mdl 32]} g5 47. Bd8 h4 48. c7 Kd7 49. Kf5 {Av CentiPawn Loss W=-25/B=-59. Weighted=-28/-111} 1-0

[Event "7th Uppsala Young Champions"]
[Site "Uppsala"]
[Date "2020.10.26"]
[Round "5.13"]
[White "Nilssen, Ellen Fredericia"]
[Black "Trost, Edvin"]
[Result "0-1"]
[WhiteElo "2209"]
[BlackElo "2202"]
[Annotator "RC"]
[PlyCount "82"]
[EventDate "2020.10.23"]
[EventType "swiss"]
[EventCountry "SWE"]
[SourceTitle "playchess.com"]
[Source "ChessBase"]
[SourceQuality "1"]
[TimeControl "5400+30"]

1. d4 {[%emt 0:01:33]} Nf6 {[%emt 0:00:00]} 2. c4 {[%emt 0:00:24]} g6 {[%emt 0:00:00]} 3. Nc3 {[%emt 0:00:48]} Bg7 {[%emt 0:00:12]} 4. e4 {[%emt 0:01:29]} d6 {[%emt 0:00:05]} 5. Be2 {[%emt 0:00:06]} O-O {[%emt 0:00:23]} 6. Bg5 {[%emt 0:00:07]} Na6 {[%emt 0:00:48]} 7. Qd2 {[%emt 0:00:15]} e5 {[%emt 0:00:57]} 8. d5 {[%emt 0:02:04]} Qe8 {[%emt 1:31:35]} 9. Bd1 {[%emt 1:27:44]} Nh5 {[%emt 0:00:30]} 10. Nge2 {[%emt 0:00:00]} f5 {[%emt 0:00:00]} 11. exf5 {[%emt 0:00:00]} gxf5 {[%emt 0:00:00]} 12. Bc2 {[%emt 0:00:00]} Nb4 {[%emt 0:00:00]} 13. Bb1 {[%emt 0:00:00]} e4 {[%emt 0:00:00]} 14. a3 {[%emt 0:00:00]} Nd3+ {[%emt 0:00:00]} 15. Bxd3 {[%emt 0:00:00]} exd3 {[%emt 0:00:00]} 16. Qxd3 {[%emt 0:00:00]} f4 {[%emt 0:00:00]} 17. f3 {[%emt 0:00:00]} Bf5 {[%emt 0:00:00]} 18. Qd2 {[%emt 0:00:00]} Qg6 {[%emt 0:00:00]} 19. g4 {[%emt 0:00:00]} Qxg5 {[%emt 0:00:00]} 20. h4 {[%emt 0:00:00]} Qg6 {[%emt 0:00:00]} 21. gxf5 {[%emt 0:00:00]} Qg2 {[%emt 0:00:00]} 22. O-O-O {[%emt 0:00:00]} Qxf3 {[%emt 0:00:00]} 23. Rdf1 {[%emt 0:00:00]} Qe3 {[%emt 0:00:00]} 24. Qxe3 {[%emt 0:00:00]} fxe3 {[%emt 0:00:00]} 25. Rhg1 {[%emt 0:00:00]} Kh8 {[%emt 0:00:00]} 26. Nb5 {[%emt 0:00:00]} Rf7 {[%emt 0:00:00]} 27. Nbd4 {[%emt 0:00:00]} c6 {[%emt 0:00:00]} 28. dxc6 {[%emt 0:00:00]} Rc8 {[%emt 0:00:00]} 29. Ne6 {[%emt 0:00:00]} Rxc6 {[%emt 0:00:00]} 30. b3 {[%emt 0:00:00]} Rc8 {[%emt 0:00:00]} 31. Rg5 {[%emt 0:00:00]} Nf6 {[%emt 0:00:00]} 32. Nxg7 {[%emt 0:00:00]} Rxg7 {[%emt 0:00:00]} 33. Nc3 {[%emt 0:00:00]} d5 {[%emt 0:00:00]} 34. Rd1 {[%emt 0:02:15]} dxc4 {[%emt 0:00:00]} 35. bxc4 {[%emt 0:00:08]} Rgc7 {[%emt 0:00:47]} 36. Nb5 {[%emt 0:03:01]} Rxc4+ {[%emt 0:00:37]} 37. Kb1 {[%emt 0:00:04]} e2 {[%emt 0:00:20]} 38. Rdg1 {[%emt 0:02:41]} Rc1+ {[%emt 0:00:16]} 39. Kb2 {[%emt 0:00:57]} e1=Q {[%emt 0:00:13]} 40. Rxe1 {[%emt 0:00:14]} Rxe1 {[%emt 0:00:05]} 41. Nd6 {[%emt 0:00:06]} Rf8 {[%emt 0:00:28]} 0-1

[Event "7th Uppsala Young Champions"]
[Site "Uppsala"]
[Date "2020.10.26"]
[Round "5.14"]
[White "Kruckenhauser, Arthur"]
[Black "Rozman, Monika"]
[Result "1/2-1/2"]
[WhiteElo "2301"]
[BlackElo "2129"]
[Annotator "TA"]
[PlyCount "76"]
[EventDate "2020.10.23"]
[EventType "swiss"]
[EventCountry "SWE"]
[SourceTitle "playchess.com"]
[Source "ChessBase"]
[SourceQuality "1"]

{[%evp 15,76,16,29,-6,20,0,35,39,58,50,53,44,49,56,85,112,65,53,45,16,33,0,0,0,9,-50,-47,-41,55,55,49,39,66,43,24,0,0,0,53,-181,-179,-192,-192,-192,-192,-192,-191,-215,-185,-185,-176,-183,15,-284,-284,-462,-277,-277,-274,-268,-268,-242,-204]} 1. e4 e5 2. Nf3 Nc6 3. Bc4 Bc5 4. c3 Nf6 5. d3 a6 6. Bb3 d6 7. Nbd2 O-O {7...0-0 is better than 7...Ba7.} 8. h3 Be6 9. Bc2 {C54: Giuoco Piano: 4 c3 Nf6, main lines with 5 d4 and 5 d3.} Re8 10. O-O d5 {[#]} 11. Ng5 $146 {White is slightly better.} ({Predecessor:} 11. Re1 b5 12. Qe2 h6 13. Nxe5 Nxe5 14. d4 Bd6 15. dxe5 Bxe5 16. Nf3 Bc8 17. Nxe5 Rxe5 {1-0 (34) Ritter,U (2056)-Untiedt,U (1720) Kiel 2017}) 11... dxe4 12. Nxe6 Rxe6 13. dxe4 b5 14. Qe2 Qe8 15. Nf3 h6 16. Nh4 Ne7 17. Bb3 Rb6 18. Qf3 Qc6 19. Re1 Rd8 20. g4 (20. Be3 $11) 20... a5 $15 21. a3 {[%cal Ba2a3,Ba3a4][%mdl 32]} b4 ({Better is} 21... a4 $15 22. Ba2 Rbb8) 22. cxb4 $14 axb4 23. a4 Qe8 24. Bc4 Nc6 {And now ...Nd4 would win.} 25. Nf5 Nd4 26. Nxd4 $1 Rxd4 ({Black should play} 26... Bxd4 $11 27. a5 Rbd6) 27. b3 $2 {[#]} (27. a5 $14 {keeps the upper hand.} Rb8 28. b3) 27... Nxe4 $1 $19 {[%mdl 512]} 28. Rxe4 Rf6 29. Qe2 Rxf2 $1 {[%mdl 64] Deflection} 30. Qxf2 ({Avoid the trap} 30. Qe1 $2 Rxe4 31. Qxe4 Rf4+ 32. Be3 Rxe4 $19) 30... Rd1+ {[%mdl 64] Discovered Attack} 31. Kg2 Bxf2 32. Kxf2 Qc6 $36 {[%mdl 2048] Keeping White busy.} 33. Re1 {[#]} Rd6 $2 (33... Rxe1 $1 $19 34. Kxe1 Qe4+ 35. Be2 f5 36. gxf5 Qh4+ {[%mdl 64] Double Attack} 37. Kf1 Qxh3+ {[%mdl 64] Double Attack} 38. Kf2 Qxb3) 34. Rxe5 $2 {[%mdl 8192] [#]} (34. Ra2 $11) 34... Qh1 $1 {[%cal Rh1h2] ...Qh2+ is the strong threat.} 35. Re8+ Kh7 {Hoping for ...Rf6+.} 36. Bf4 Qxa1 37. Bxd6 cxd6 38. Re3 Qf6+ {Av CentiPawn Loss W=-25/B=-24. Weighted=-20/-17} 1/2-1/2

[Event "7th Uppsala Young Champions"]
[Site "Uppsala"]
[Date "2020.10.26"]
[Round "5.15"]
[White "Stalmach, Richard"]
[Black "Olsson, William"]
[Result "0-1"]
[WhiteElo "2296"]
[BlackElo "2192"]
[Annotator "RC"]
[PlyCount "114"]
[EventDate "2020.10.23"]
[EventType "swiss"]
[EventCountry "SWE"]
[SourceTitle "playchess.com"]
[Source "ChessBase"]
[SourceQuality "1"]
[TimeControl "5400+30"]

1. d4 {[%emt 0:00:00]} d5 {[%emt 0:00:00]} 2. c4 {[%emt 0:00:00]} e6 {[%emt 0:00:00]} 3. Nc3 {[%emt 0:00:13]} c6 {[%emt 0:00:00]} 4. e3 {[%emt 0:00:37]} Nf6 {[%emt 0:00:00]} 5. Nf3 {[%emt 0:00:18]} Nbd7 {[%emt 0:00:00]} 6. Qc2 {[%emt 0:00:28]} Bd6 {[%emt 0:00:00]} 7. g4 {[%emt 0:01:17]} h6 {[%emt 0:00:00]} 8. Bd2 {[%emt 0:00:25]} dxc4 {[%emt 0:01:02]} 9. Bxc4 {[%emt 0:00:37]} b5 {[%emt 0:00:07]} 10. Be2 {[%emt 0:02:58]} Bb7 {[%emt 0:00:19]} 11. O-O-O {[%emt 0:02:20]} Rc8 {[%emt 0:06:46]} 12. e4 {[%emt 0:12:29]} b4 {[%emt 0:00:47]} 13. e5 {[%emt 0:03:38]} bxc3 {[%emt 0:01:36]} 14. Bxc3 {[%emt 0:00:14]} Nd5 {[%emt 0:05:49]} 15. exd6 {[%emt 0:00:35]} c5 {[%emt 0:00:05]} 16. Rhe1 {[%emt 0:08:24]} Nxc3 {[%emt 0:06:22]} 17. bxc3 {[%emt 0:02:08]} O-O {[%emt 0:02:05]} 18. g5 {[%emt 0:21:30]} cxd4 {[%emt 0:15:22]} 19. Rxd4 {[%emt 0:00:56]} Qa5 {[%emt 0:00:17]} 20. Ra4 {[%emt 0:10:00]} Qc5 {[%emt 0:18:10]} 21. gxh6 {[%emt 0:01:22]} g6 {[%emt 0:00:18]} 22. Nd4 {[%emt 0:05:45]} e5 {[%emt 0:11:18]} 23. Bc4 {[%emt 0:05:52]} Qxd6 {[%emt 0:03:52]} 24. Be6 {[%emt 0:06:45]} Kh7 {[%emt 0:01:28]} 25. Bxd7 {[%emt 0:00:06]} Qxd7 {[%emt 0:00:09]} 26. Rxe5 {[%emt 0:00:10]} Rxc3 {[%emt 0:00:50]} 27. Qxc3 {[%emt 0:00:01]} Qxa4 {[%emt 0:00:24]} 28. Rc5 {[%emt 0:04:31]} Rg8 {[%emt 0:13:47]} 29. Ne6 {[%emt 0:05:41]} Qe8 {[%emt 0:05:55]} 30. Ng5+ {[%emt 0:01:18]} Kxh6 {[%emt 0:00:52]} 31. Re5 {[%emt 0:01:30]} Qd7 {[%emt 0:01:52]} 32. Rc5 {[%emt 0:03:12]} Rd8 {[%emt 0:01:39]} 33. Qh3+ {[%emt 0:00:37]} Qxh3 34. Nxh3 {[%emt 0:00:01]} Rc8 {[%emt 0:00:47]} 35. Rxc8 {[%emt 0:00:03]} Bxc8 {[%emt 0:00:08]} 36. Ng1 {[%emt 0:00:18]} Kg5 {[%emt 0:00:53]} 37. Kd2 {[%emt 0:00:01]} Kf4 {[%emt 0:00:12]} 38. Kd3 {[%emt 0:00:00]} Ba6+ {[%emt 0:01:40]} 39. Kd4 {[%emt 0:00:19]} Bf1 {[%emt 0:00:17]} 40. a4 {[%emt 0:00:50]} g5 {[%emt 0:01:30]} 41. a5 {[%emt 0:00:03]} g4 {[%emt 0:00:30]} 42. Kd5 {[%emt 0:00:18]} a6 {[%emt 0:01:37]} 43. Kd4 {[%emt 0:00:02]} Bg2 {[%emt 0:02:00]} 44. Kd3 {[%emt 0:01:00]} Ke5 {[%emt 0:00:38]} 45. Kc4 {[%emt 0:00:59]} Ke4 {[%emt 0:00:18]} 46. Kc3 {[%emt 0:01:44]} Bf1 {[%emt 0:00:05]} 47. Kb4 {[%emt 0:00:53]} Kd4 {[%emt 0:00:51]} 48. Kb3 {[%emt 0:00:48]} Kd3 {[%emt 0:00:27]} 49. Kb4 {[%emt 0:00:04]} Kd2 {[%emt 0:00:51]} 50. Kc5 {[%emt 0:00:10]} Ke1 {[%emt 0:00:30]} 51. f3 {[%emt 0:00:40]} g3 {[%emt 0:00:31]} 52. hxg3 {[%emt 0:00:12]} Kf2 {[%emt 0:00:05]} 53. g4 {[%emt 0:00:33]} Kxg1 {[%emt 0:00:14]} 54. f4 {[%emt 0:00:27]} Kf2 {[%emt 0:00:37]} 55. f5 {[%emt 0:00:03]} Bh3 {[%emt 0:00:06]} 56. Kb6 {[%emt 0:01:07]} Bxg4 {[%emt 0:00:06]} 57. Kxa6 {[%emt 0:00:04]} Bxf5 {[%emt 0:00:06]} 0-1

[Event "7th Uppsala Young Champions"]
[Site "Uppsala"]
[Date "2020.10.26"]
[Round "5.16"]
[White "Urh, Zala"]
[Black "Falkevall, Axel"]
[Result "0-1"]
[WhiteElo "2195"]
[BlackElo "2121"]
[Annotator "TA"]
[PlyCount "54"]
[EventDate "2020.10.23"]
[EventType "swiss"]
[EventCountry "SWE"]
[SourceTitle "playchess.com"]
[Source "ChessBase"]
[SourceQuality "1"]

{[%evp 15,54,13,13,-15,0,-3,0,-33,0,0,19,19,19,19,19,19,18,11,18,21,21,0,0,-134,-139,-146,-135,-139,-139,-342,-122,-133,-60,-291,-290,-29976,-29977,-29978,-29973,-29977,-29978]} 1. d4 Nf6 2. c4 e6 3. Nc3 Bb4 4. Qc2 O-O 5. a3 Bxc3+ 6. Qxc3 d5 7. Nf3 dxc4 8. Qxc4 b6 9. h4 {E36: Nimzo-Indian: Classical: 4...d5 5 a3.} Ba6 10. Qc2 Bb7 {[#]} 11. Bg5 $146 {The position is equal.} ({Predecessor:} 11. h5 h6 12. Rh4 Nbd7 13. e4 c5 14. e5 Nd5 15. Bxh6 Ne7 16. Rg4 Nf5 17. Bxg7 {1-0 (17) Akobian,V (2647)-Lalith,B (2542) chess.com INT 2018}) 11... Nbd7 12. Ne5 c5 13. Nxd7 Qxd7 14. Bxf6 gxf6 15. dxc5 Rac8 16. Rd1 Qe7 17. Rh3 Rxc5 18. Qa4 Rd8 19. e3 (19. Rhd3 $11 {remains equal.} Rxd3 20. Rxd3) 19... Rxd1+ $17 20. Qxd1 Qc7 21. Qg4+ Kf8 $1 22. Bd3 $2 (22. Be2 $17 {was the only chance.}) 22... Qd6 $2 (22... e5 $19 {and Black stays clearly on top.} 23. Rg3 (23. Bxh7 $2 Bc8 $19) 23... Ke7) 23. Ke2 h5 $40 {[%mdl 128] Black is up to no good.} ({Better is} 23... e5 $17 {...f5! is the strong threat.} 24. Bxh7 (24. Rg3 $2 Ba6 $19) 24... e4 25. Bxe4 Bc8) 24. Qg3 $2 {[#]} (24. Qd4 $1 $15 Rd5 25. Qc3) 24... e5 $1 $19 25. Rh1 $2 {[#]} (25. e4 $19 Bc8 26. Rh1) 25... Ba6 $1 {[%mdl 512] Black mates.} 26. Rd1 (26. Bxa6 Rc2+) 26... Bxd3+ 27. Ke1 Rc2 {Av CentiPawn Loss W=-88/B=-19. Weighted=-73/-32} 0-1

[Event "7th Uppsala Young Champions"]
[Site "Uppsala"]
[Date "2020.10.26"]
[Round "5.17"]
[White "Ostensson, Julia"]
[Black "Crevatin, Leo"]
[Result "1/2-1/2"]
[WhiteElo "1562"]
[BlackElo "2181"]
[Annotator "RC"]
[PlyCount "89"]
[EventDate "2020.10.23"]
[EventType "swiss"]
[EventCountry "SWE"]
[SourceTitle "playchess.com"]
[Source "ChessBase"]
[SourceQuality "1"]
[TimeControl "5400+30"]

1. e4 {[%emt 0:00:00]} Nf6 {[%emt 0:00:00]} 2. e5 {[%emt 0:04:26]} Nd5 {[%emt 0:00:00]} 3. c4 {[%emt 0:10:58]} Nb6 {[%emt 0:00:00]} 4. d4 {[%emt 0:01:18]} d6 {[%emt 0:00:00]} 5. exd6 {[%emt 0:03:02]} cxd6 {[%emt 0:00:07]} 6. Nf3 {[%emt 0:11:38]} g6 {[%emt 0:00:08]} 7. Nc3 {[%emt 0:01:48]} Bg7 {[%emt 0:00:08]} 8. Be2 {[%emt 0:05:47]} O-O {[%emt 0:00:38]} 9. Be3 {[%emt 0:02:14]} Nc6 {[%emt 0:03:37]} 10. d5 {[%emt 0:10:12]} Ne5 {[%emt 0:06:50]} 11. Nxe5 {[%emt 0:00:53]} dxe5 {[%emt 0:00:54]} 12. O-O {[%emt 0:02:03]} f5 {[%emt 0:01:13]} 13. f3 {[%emt 0:16:19]} Nd7 {[%emt 0:06:02]} 14. Rc1 {[%emt 0:01:07]} Nf6 {[%emt 0:01:20]} 15. b4 {[%emt 0:01:50]} Bd7 {[%emt 0:08:14]} 16. Qb3 {[%emt 0:01:14]} f4 {[%emt 0:01:28]} 17. Bf2 {[%emt 0:00:16]} g5 {[%emt 0:00:08]} 18. c5 {[%emt 0:00:49]} Kh8 {[%emt 0:00:26]} 19. Rfd1 {[%emt 0:00:24]} g4 {[%emt 0:02:13]} 20. b5 {[%emt 0:01:25]} gxf3 {[%emt 0:01:07]} 21. Bxf3 {[%emt 0:00:38]} Bg4 {[%emt 0:02:10]} 22. Bxg4 {[%emt 0:02:09]} Nxg4 {[%emt 0:00:01]} 23. Ne4 {[%emt 0:02:46]} Qe8 {[%emt 0:01:05]} 24. Rc3 {[%emt 0:01:04]} Qg6 {[%emt 0:00:46]} 25. Qc2 {[%emt 0:01:06]} f3 {[%emt 0:04:13]} 26. Bg3 {[%emt 0:08:36]} fxg2 {[%emt 0:02:04]} 27. Qxg2 {[%emt 0:01:19]} Bh6 {[%emt 0:00:44]} 28. h3 {[%emt 0:02:32]} Nf6 {[%emt 0:03:18]} 29. Bxe5 {[%emt 0:00:47]} Qh5 {[%emt 0:00:21]} 30. Bxf6+ {[%emt 0:01:10]} Rxf6 {[%emt 0:00:16]} 31. Rdd3 {[%emt 0:00:48]} Rg8 {[%emt 0:00:54]} 32. Rg3 {[%emt 0:03:26]} Qd1+ {[%emt 0:00:40]} 33. Kh2 {[%emt 0:00:03]} Rxg3 {[%emt 0:03:15]} 34. Rxg3 {[%emt 0:01:45]} Bf4 {[%emt 0:01:40]} 35. Nxf6 {[%emt 0:00:10]} exf6 {[%emt 0:00:01]} 36. d6 {[%emt 0:01:06]} h5 {[%emt 0:00:46]} 37. Qf2 {[%emt 0:00:24]} Bxg3+ {[%emt 0:01:32]} 38. Kxg3 {[%emt 0:00:05]} Kg7 {[%emt 0:00:18]} 39. Qe3 {[%emt 0:00:35]} Qd5 {[%emt 0:00:47]} 40. Qe7+ {[%emt 0:00:54]} Kg6 {[%emt 0:00:06]} 41. Qe8+ {[%emt 0:00:42]} Kg7 {[%emt 0:00:49]} 42. Qe7+ {[%emt 0:00:35]} Kg6 {[%emt 0:00:07]} 43. Qe8+ {[%emt 0:00:29]} Kg7 {[%emt 0:00:45]} 44. Qe7+ {[%emt 0:00:33]} Kg6 {[%emt 0:00:07]} 45. Qe8+ {[%emt 0:00:20]} 1/2-1/2